000 00665nam a2200241Ia 4500
003 OSt
005 20221005065757.0
006 a|||||r|||| 00| 0
007 ta
008 221004b |||||||| |||| 00| 0 eng d
024 _a100563
037 _cTextual
040 _aCRL
_cCRL
_beng
041 _2eng
_aeng
082 _aO142,3N26,1, 111L5
100 _aM. Saltykov - Shchedrin
_9604968
245 0 _aGolovlyovs
_b A novel
260 _aMoscow
_bProgress Publishers
_c1975
300 _a326p.
_ccm.
650 _aENGLISH LITERATURE
942 _hO142,3N26,1, 111L5
_cTEXL
_2cc
999 _c975164
_d975164